Подробности
| 000 -МАРКЕР |
| контрольное поле |
02899nam0a2200469 4500 |
| 001 - ИДЕНТИФИКАТОР ЗАПИСИ |
| контрольное поле |
RU\NLR\bibl\58171 |
| 005 - ИДЕНТИФИКАТОР ВЕРСИИ |
| контрольное поле |
20260405132045.0 |
| 010 ## - МЕЖДУНАРОДНЫЙ СТАНДАРТНЫЙ НОМЕР КНИГИ (ISBN) |
| Номер (ISBN) |
5-277-01994-4 |
| Тираж |
3000 |
| 020 ## - НОМЕР ДОКУМЕНТА В НАЦИОНАЛЬНОЙ БИБЛИОГРАФИИ |
| Код страны |
Российская Федерация |
| Номер |
98-28122 |
| Основное заглавие издания Российской книжной палаты |
Книжная летопись |
| 021 ## - НОМЕР ГОСУДАРСТВЕННОЙ РЕГИСТРАЦИИ |
| Код страны |
Российская Федерация |
| Номер |
98-17579 |
| Номер Листа государственной регистраци |
833 |
| 035 ## - ДРУГИЕ СИСТЕМНЫЕ НОМЕРА |
| Идентификатор записи |
(NLR Aleph) 000056726 |
| 100 ## - ДАННЫЕ ОБЩЕЙ ОБРАБОТКИ |
| Данные общей обработки |
19990528d1998 |||y0rusy50 ca |
| 101 0# - ЯЗЫК РЕСУРСА |
| Язык текста, звукозаписи и т.д. |
русский |
| 102 ## - СТРАНА ПУБЛИКАЦИИ ИЛИ ПРОИЗВОДСТВА |
| Страна публикации |
Российская Федерация |
| 105 ## - ПОЛЕ КОДИРОВАННЫХ ДАННЫХ: ТЕКСТОВЫЕ МАТЕРИАЛЫ, МОНОГРАФИЧЕСКИЕ |
| Кодированные данные о монографическом текстовом документе |
y ||||||||| |
| 200 1# - ЗАГЛАВИЕ И СВЕДЕНИЯ ОБ ОТВЕТСТВЕННОСТИ |
| Основное заглавие |
Организация, нормирование и оплата труда на железнодорожном транспорте |
| Сведения, относящиеся к заглавию |
[Учеб. для вузов ж.-д. трансп. |
| Первые сведения об ответственности |
Ю. Д. Петров, М. В. Белкин, В. П. Катаев и др.] |
| Последующие сведения об ответственности |
Под ред. Ю. Д. Петрова, М. В. Белкина |
| 210 ## - ПУБЛИКАЦИЯ, РАСПРОСТРАНЕНИЕ И ДР. |
| Место издания, распространения и т.д. |
М. |
| Имя издателя, распространителя и т. д. |
Транспорт |
| Дата издания, распространения и т.д. |
1998 |
| 215 ## - ФИЗИЧЕСКАЯ ХАРАКТЕРИСТИКА |
| Специфическое обозначение материала и объем |
279 с. |
| Размеры |
22 |
| 225 1# - СЕРИЯ |
| Основное заглавие серии |
Высшее образование |
| 300 ## - ОБЩИЕ ПРИМЕЧАНИЯ |
| Текст примечания |
Авт. указаны на обороте тит. л. |
| 320 ## - ПРИМЕЧАНИЯ О НАЛИЧИИ В ДОКУМЕНТЕ БИБЛИОГРАФИИ / УКАЗАТЕЛЯ |
| Текст примечания |
Библиогр.: с. 274-275 |
| 461 #0 - УРОВЕНЬ НАБОРА |
| Встроенное поле |
2001#$aВысшее образование |
| Заглавие |
Высшее образование |
| 606 0# - НАИМЕНОВАНИЕ ТЕМЫ КАК ПРЕДМЕТ |
| Наименование темы |
Железнодорожный транспорт |
| Формальный подзаголовок |
Руководства, пособия и т.п. для высшей школы |
| Географический подзаголовок |
Российская Федерация |
| Системный номер авторитетной/нормативной записи |
2074039 |
| Идентификатор авторитетной/нормативной записи |
RU\NLR\auth\661249003 |
| 606 0# - НАИМЕНОВАНИЕ ТЕМЫ КАК ПРЕДМЕТ |
| Наименование темы |
Железнодорожный транспорт |
| Формальный подзаголовок |
Учебные издания для высшей школы |
| Тематический подзаголовок |
Заработная плата |
| Географический подзаголовок |
Российская Федерация |
| Системный номер авторитетной/нормативной записи |
2116684 |
| Идентификатор авторитетной/нормативной записи |
RU\NLR\auth\661278644 |
| 606 0# - НАИМЕНОВАНИЕ ТЕМЫ КАК ПРЕДМЕТ |
| Наименование темы |
Железнодорожный транспорт |
| Формальный подзаголовок |
Руководства, пособия и т.п. для высшей школы |
| Тематический подзаголовок |
Нормирование труда |
| Географический подзаголовок |
Российская Федерация |
| Системный номер авторитетной/нормативной записи |
2116686 |
| Идентификатор авторитетной/нормативной записи |
RU\NLR\auth\661278645 |
| 606 0# - НАИМЕНОВАНИЕ ТЕМЫ КАК ПРЕДМЕТ |
| Наименование темы |
Железнодорожный транспорт |
| Формальный подзаголовок |
Учебные издания для высшей школы |
| Тематический подзаголовок |
Нормирование труда |
| Географический подзаголовок |
Российская Федерация |
| Системный номер авторитетной/нормативной записи |
2116686 |
| Идентификатор авторитетной/нормативной записи |
RU\NLR\auth\661278645 |
| 610 0# - НЕКОНТРОЛИРУЕМЫЕ ПРЕДМЕТНЫЕ ТЕРМИНЫ |
| Предметный термин |
Железнодорожный транспорт - Техническое нормирование |
| 610 0# - НЕКОНТРОЛИРУЕМЫЕ ПРЕДМЕТНЫЕ ТЕРМИНЫ |
| Предметный термин |
Железнодорожный транспорт - Заработная плата |
| 675 ## - УНИВЕРСАЛЬНАЯ ДЕСЯТИЧНАЯ КЛАССИФИКАЦИЯ (UDC/УДК) |
| Индекс |
656.2:[658.310.3+658.53+658.32](075.8) |
| Издание |
3 |
| Язык издания |
rus |
| 686 ## - ИНДЕКСЫ ДРУГИХ КЛАССИФИКАЦИЙ |
| Индекс |
73.29 |
| Код системы |
|
| 686 ## - ИНДЕКСЫ ДРУГИХ КЛАССИФИКАЦИЙ |
| Индекс |
39.2 |
| Код системы |
|
| 686 ## - ИНДЕКСЫ ДРУГИХ КЛАССИФИКАЦИЙ |
| Индекс |
У37(2)2-645я73 |
| 701 #1 - ИМЯ ЛИЦА - АЛЬТЕРНАТИВНАЯ ОТВЕТСТВЕННОСТЬ |
| Код отношения |
Автор |
| Материалы, к которым относится поле |
rus |
| Графика поля |
Кириллица |
| Начальный элемент ввода |
Петров |
| Часть имени, кроме начального элемента ввода |
Ю. Д. |
| Дополнения к именам, кроме дат |
канд. экон. наук |
| Расширение инициалов личного имени |
Юрий Дмитриевич |
| Идентификатор авторитетной/нормативной записи |
RU\NLR\auth\7752953 |
| Системный номер авторитетной/нормативной записи |
35886 |
| 701 #1 - ИМЯ ЛИЦА - АЛЬТЕРНАТИВНАЯ ОТВЕТСТВЕННОСТЬ |
| Начальный элемент ввода |
Белкин |
| Часть имени, кроме начального элемента ввода |
М. В. |
| Расширение инициалов личного имени |
Михаил Васильевич |
| Код отношения |
Автор |
| 701 #1 - ИМЯ ЛИЦА - АЛЬТЕРНАТИВНАЯ ОТВЕТСТВЕННОСТЬ |
| Начальный элемент ввода |
Катаев |
| Часть имени, кроме начального элемента ввода |
В. П. |
| Расширение инициалов личного имени |
Владимир Пантелеевич |
| Код отношения |
Автор |
| 801 #0 - ИСТОЧНИК ЗАПИСИ |
| Страна |
Российская Федерация |
| Организация |
RKP |
| Дата составления |
19990528 |
| Правила каталогизации |
PSBO |
| 801 #1 - ИСТОЧНИК ЗАПИСИ |
| Страна |
Российская Федерация |
| Организация |
RKP |
| Дата составления |
19990528 |
| 801 #2 - ИСТОЧНИК ЗАПИСИ |
| Страна |
Российская Федерация |
| Организация |
NLR |
| Дата составления |
20070608 |
| Правила каталогизации |
rcr |
| 852 ## - МЕСТОНАХОЖДЕНИЕ И ШИФР ХРАНЕНИЯ |
| Идентификатор организации |
NLR |
| Шифр хранения (Call Number) |
98-5/1630 |
| 942 ## - ДОПОЛНИТЕЛЬНЫЕ ЭЛЕМЕНТЫ ЗАПИСИ (АБИС) |
| Тип экземпляра АБИС |
Книга |
| 980 ## - КОЛЛЕКЦИЯ |
| Название коллекции |
Национальная библиография |